Debt Stabilization Bias and the Taylor Principle : Optimal Policy in a New Keynesian Model with Government Debt and Inflation Persistence /

We analyse optimal monetary and fiscal policy in a New-Keynesian model with public debt and inflation persistence. Leith and Wren-Lewis (2007) have shown that optimal discretionary policy is subject to a 'debt stabilization bias' which requires debt to be returned to its pre-shock level. T...

Fuld beskrivelse

Bibliografiske detaljer
Hovedforfatter: Vines, David
Andre forfattere: Stehn, Sven Jari
Format: Tidsskrift
Sprog:English
Udgivet: Washington, D.C. : International Monetary Fund, 2007.
Serier:IMF Working Papers; Working Paper ; No. 2007/206
Online adgang:Full text available on IMF
LEADER 01990cas a2200253 a 4500
001 AALejournalIMF009504
008 230101c9999 xx r poo 0 0eng d
020 |c 5.00 USD 
020 |z 9781451867701 
022 |a 1018-5941 
040 |a BD-DhAAL  |c BD-DhAAL 
100 1 |a Vines, David. 
245 1 0 |a Debt Stabilization Bias and the Taylor Principle :   |b Optimal Policy in a New Keynesian Model with Government Debt and Inflation Persistence /  |c David Vines, Sven Jari Stehn. 
264 1 |a Washington, D.C. :  |b International Monetary Fund,  |c 2007. 
300 |a 1 online resource (52 pages) 
490 1 |a IMF Working Papers 
500 |a <strong>Off-Campus Access:</strong> No User ID or Password Required 
500 |a <strong>On-Campus Access:</strong> No User ID or Password Required 
506 |a Electronic access restricted to authorized BRAC University faculty, staff and students 
520 3 |a We analyse optimal monetary and fiscal policy in a New-Keynesian model with public debt and inflation persistence. Leith and Wren-Lewis (2007) have shown that optimal discretionary policy is subject to a 'debt stabilization bias' which requires debt to be returned to its pre-shock level. This finding has two important implications for optimal discretionary policy. Firstly, as Leith and Wren-Lewis have shown, optimal monetary policy in an economy with high steady-state debt cuts the interest rate in response to a cost-push shock - and therefore violates the Taylor principle. We show that this striking result is not true with high degrees of inflation persistence. Secondly, we show that optimal fiscal policy is more active under discretion than commitment at all degrees of inflation persistence and all levels of debt. 
538 |a Mode of access: Internet 
700 1 |a Stehn, Sven Jari. 
830 0 |a IMF Working Papers; Working Paper ;  |v No. 2007/206 
856 4 0 |z Full text available on IMF  |u http://elibrary.imf.org/view/journals/001/2007/206/001.2007.issue-206-en.xml  |z IMF e-Library